|
|
|
|
| LEADER |
00000nam a2200000 a 4500 |
| 001 |
vtls010916492 |
| 003 |
SK-MaSNL |
| 005 |
20260301220201.0 |
| 008 |
251112s 000 0 ger |
| 015 |
|
|
|a SNBHFA
|
| 035 |
|
|
|a AC322665-538C-4B6A-8287-EE9D264BCEC9
|
| 035 |
|
|
|a urn:nbn:sk:snk-amtgi3
|
| 035 |
|
|
|a urn:nbn:sk:snk-am00c334
|
| 040 |
|
|
|a SNKHFA
|b slo
|c SNK
|e AACR2
|
| 041 |
0 |
|
|a ger
|
| 072 |
|
7 |
|a 82
|x Krásna literatúra
|2 konspekt
|
| 080 |
|
|
|a 821.112.2
|2 2001
|
| 100 |
1 |
|
|a Bolanden, Conrad von,
|d 1828-1920
|4 aut
|9 419755
|
| 245 |
1 |
0 |
|a Barbarossa
|n Dritter Theil
|
| 246 |
3 |
8 |
|a Bolanden's Barbarossa
|n 2
|
| 260 |
|
|
|a [b.m.]
|b [b.t.]
|c [b.r.]
|
| 300 |
|
|
|a s. 372-771
|c 16 cm
|
| 561 |
|
|
|a Okrúhla pečiatka: Rimely Károly Lekéri Apát.
|5 SNK ID 99135/3
|
| 563 |
|
|
|a Chýbajúci titulný list.
|5 SNK ID 99135/3
|
| 600 |
0 |
4 |
|a Fridrich
|b I.,
|c Barbarossa,
|d 1122-1190
|9 607005
|
| 650 |
0 |
7 |
|a historické romány
|2 SNKPH
|9 286777
|
| 650 |
0 |
7 |
|a križiacke výpravy
|2 SNKPH
|9 78934
|
| 700 |
1 |
|
|a Rimely, Karol,
|d 1825-1904
|4 fmo
|9 177562
|
| 852 |
|
|
|a snk
|b Historické fondy
|p ID 99135/3
|
| 958 |
|
|
|a ONDV
|
| 999 |
|
|
|c 930894
|d 932824
|
| 952 |
|
|
|t Ri 174
|a SNK
|b SNK
|c SNK_HF
|y PREZ
|7 0
|p 17A1128036
|o snkID 99135/3
|i snk2015/28283
|8 5
|0 0
|1 0
|4 0
|d 2015-10-08
|f 1
|l 0
|r 2026-02-24 08:47:37
|w 2026-02-24
|